| 000 | 00597nam a2200181Ia 4500 | ||
|---|---|---|---|
| 008 | 140527s9999 xx 000 0 und d | ||
| 020 | _a9781111352158 | ||
| 050 |
_aLB 1591 _b.G281 2012 |
||
| 100 | _aGelineau, R. Phyllis | ||
| 245 |
_aIntegrating the arts across the elementary school curriculum / _cR. Phyllis Gelineau. |
||
| 260 |
_aAustralia : _bThomson/Wadsworth, _cc2012. |
||
| 300 |
_a198 p. : _bill. ; _c24 cm. |
||
| 500 | _aIncludes bibliographical references and index. | ||
| 521 | _aGE | ||
| 650 |
_aEducation, Elementary _xCurricula |
||
| 942 |
_kFOR _cBK |
||
| 999 |
_c117547 _d117547 |
||